000 00391nam a2200169Ia 4500
001 15789
003 IN-NITTTR
005 20251114233149.0
008 251113s9999||||xx |||||||||||||| ||eng||
040 _beng
040 _cIN-NITTTR
041 _aeng
082 _a791.45025 M612T
100 _aMillerson, Gerald
245 0 _aTV lighting methods /
_cMillerson, Gerald
942 _2ddc
_cBK
999 _c18423
_d18423